| 000 | 00717nam a2200181Ia 4500 | ||
|---|---|---|---|
| 008 | 151018s9999 xx 000 0 und d | ||
| 082 |
_bRBASDV61851 _a891.433 |
||
| 100 | _aकमल किशोर गोयनका | ||
| 245 | _aप्रेमचंद कहानी रचनावली | ||
| 250 | _b1 | ||
| 260 |
_bसाहित्य अकादमी नई दिल्ली _c2010 |
||
| 300 | _a537 | ||
| 600 | _aकमल किशोर गोयनका | ||
| 630 | _aप्रेमचंद कहानी रचनावली | ||
| 700 | _aकमल किशोर गोयनका | ||
| 730 | _aप्रेमचंद कहानी रचनावली | ||
| 942 | _cBOOK | ||
| 999 |
_c1055089 _d1055086 |
||